| 000 | 00671nam a2200229Ia 4500 | ||
|---|---|---|---|
| 005 | 20241216010326.0 | ||
| 008 | 180423s9999||||xx |||||||||||||| ||und|| | ||
| 020 | _a978-612-4075-09-4 | ||
| 082 |
_a321.8 _bM64 |
||
| 100 | _aMIRO QUESADA RADA FRANCISCO | ||
| 245 | 0 | _aREINVENCION LA DEMOCRACIA | |
| 250 | _a1 | ||
| 260 |
_aLIMA-PERU _bCONGRESO DEL PERU _c2010 |
||
| 300 |
_a321 pag. _c23 cm |
||
| 341 | _h0 | ||
| 490 |
_v0 _a0 |
||
| 505 | _aDEMOCRACIA/PARTICIPACION POLITICA/REFERENDUM/PARTIDOS POLITICOS/SISTEMAS ELECTORALES/CONTITUCIONES | ||
| 541 |
_aD _bCONGRESO DEL PERU _d24-Jul-14 |
||
| 650 | _aCIENCIAS SOCIALES | ||
| 856 | _zHumanidades | ||
| 942 | _cLIBRO | ||
| 999 |
_c11492 _d11492 |
||